Kapitalizmus 80. rokov a jeho odraz v buržoáznom ekonomickom myslení

Guardado en:
Detalles Bibliográficos
Autor principal: Iša, Ján
Formato: Libro
Lenguaje:eslovaco
Publicado: Bratislava Veda 1988
Edición:1. vyd.
Etiquetas: Agregar Etiqueta
Sin Etiquetas, Sea el primero en etiquetar este registro!

MARC

LEADER 00000nam a2200000 4500
001 c038865
005 20230116103343.8
041 0 |a slo 
044 |a SK 
245 1 0 |a Kapitalizmus 80. rokov a jeho odraz v buržoáznom ekonomickom myslení  |c Jan Iša a kol. 
250 |a 1. vyd. 
264 1 |a Bratislava  |b Veda  |c 1988 
300 |a 284 s. 
100 1 |a Iša, Ján